Tomatis Fr., Pareyson. Vita, filosofia, bibliografia, coll. Filosofia n.s. 10, Morcelliana, Brescia, 2003, 21x15, 198 p., 16.50 €. ISBN 88-372-1914-8 (notice n° 1620785)
[ vue normale ]
| 000 -LEADER | |
|---|---|
| fixed length control field | 00558cam a2200133 4500500 |
| 005 - DATE AND TIME OF LATEST TRANSACTION | |
| control field | 20260111091251.0 |
| 041 ## - LANGUAGE CODE | |
| Language code of text/sound track or separate title | fre |
| 042 ## - AUTHENTICATION CODE | |
| Authentication code | dc |
| 245 00 - TITLE STATEMENT | |
| Title | Tomatis Fr., Pareyson. Vita, filosofia, bibliografia, coll. Filosofia n.s. 10, Morcelliana, Brescia, 2003, 21x15, 198 p., 16.50 €. ISBN 88-372-1914-8 |
| 260 ## - PUBLICATION, DISTRIBUTION, ETC. | |
| Date of publication, distribution, etc. | 2005.<br/> |
| 500 ## - GENERAL NOTE | |
| General note | 57 |
| 786 0# - DATA SOURCE ENTRY | |
| Note | Nouvelle revue théologique | 127 | 4 | 2005-12-15 | p. 666t-679t | 0029-4845 |
| 856 41 - ELECTRONIC LOCATION AND ACCESS | |
| Uniform Resource Identifier | <a href="https://shs.cairn.info/revue-nouvelle-revue-theologique-2005-4-page-666t?lang=fr&redirect-ssocas=7080">https://shs.cairn.info/revue-nouvelle-revue-theologique-2005-4-page-666t?lang=fr&redirect-ssocas=7080</a> |
Pas d'exemplaire disponible.




Réseaux sociaux